General Knowledge 4 - Statistics

General Stats
  • This quiz has been taken 65 times
  • The average score is 6 of 15
Answer Stats
Hint Answer % Correct
What year was the first Harry Potter film released? 2001
80%
How many gold medals does Michael Phelps have? 23
66%
What American state's capital is Juneau? Alaska
63%
What author is best known for writing Wuthering Heights? Emily Bronte
55%
What is the worlds tallest building? Burj Khalifa
54%
What stone is said to give the gift of the gab to anyone who kisses it? Blarney
48%
Beluga being one type and Sevruga another what banner type of fish does caviar come from? Sturgeon
48%
Who was the Roman god of the sea? Neptune
46%
Having won 20 major singles title, who is the most succesful male tennis player of all time? Roger Federer
46%
What is the second book of the Old Testament? Exodus
38%
In what year was comic book legend Stan Lee born? 1922
34%
What is the most succesful west end show of all time? Les Miserables
25%
Who was British Priminister at the end of World War I? David Lloyd George
18%
What is the closest star to Earth, not including the Sun? Proxima Centauri
9%
What codex written by Leonardo da Vinci was bought by Bill gates for $30 million? Leicester
2%
No matching quizzes found
Score Distribution
Percent of People with Each Score
Percentile by Number Answered
Your Score History
You have not taken this quiz